Le Chateau de Prague /
Uložené v:
| Hlavní autori: | , |
|---|---|
| Médium: | Kniha |
| Jazyk: | French Czech |
| Vydané: |
Praha :
Olympia,
1989
|
| Vydanie: | 1. vyd. |
| Edícia: | Guide Olympia
|
| ISBN: |
(brož.) |
| Fyzický popis: |
125 s. |
| Tagy: |
Pridať tag
Žiadne tagy, Buďte prvý kto otaguje tento záznam!
|
Titul je dostupný aj v ... 

MARC
| LEADER | 00000nam a2200000 a 4500 | ||
|---|---|---|---|
| 001 | 000279607 | ||
| 005 | 20061023145220.0 | ||
| 008 | 061023s1989 e 000 0 freo | ||
| 020 | |a (brož.) | ||
| 040 | |a SVKKK |b slo |c SVKKK |e AACR2 | ||
| 041 | 1 | |a fre |h cze | |
| 100 | 1 | |a Burian, Jiří |4 aut | |
| 245 | 1 | 0 | |a Le Chateau de Prague / |c Jiří Burian, Jiří Svoboda |
| 250 | |a 1. vyd. | ||
| 260 | |a Praha : |b Olympia, |c 1989 | ||
| 300 | |a 125 s. | ||
| 440 | 0 | |a Guide Olympia | |
| 700 | 1 | |a Svoboda, Jiří |4 aut | |
| 998 | |a BK | ||
| 090 | |g SCKHL |k Sklad Pribinova 2. posch. |a II.327749 |j 786195 |i B78176 |s Absenčne | ||